[Event "Loire-ch Top20 1415"]
[Site "Loire"]
[Date "2015.02.07"]
[Round "5"]
[White "Carteron, Olivier"]
[Black "Tchalimian, Pascal"]
[Result "0-1"]
[WhiteElo "1670"]
[BlackElo "1913"]
[PlyCount "78"]
[EventDate "2014.10.04"]
[EventType "swiss"]
[EventRounds "7"]
[EventCountry "FRA"]
[SourceTitle "EXT 2016"]
[Source "ChessBase"]
[SourceDate "2015.10.08"]
[SourceVersion "1"]
[SourceVersionDate "2015.10.08"]
[SourceQuality "1"]

1. d4 Nf6 2. Nf3 d5 3. c4 e6 4. Nc3 c6 5. Bg5 Nbd7 6. e3 Bd6 7. cxd5 exd5 8. Bd3 h6 9. Bh4 0-0 10. 0-0 Re8 11. a3 a5 12. Rc1 b5 13. Bg3 Bxg3 14. hxg3 Bb7 15. Re1 a4 16. e4 Nb6 17. exd5 Nbxd5 18. Ne5 Qd6 19. Nxb5 cxb5 20. Bxb5 Re7 21. Bxa4 Nb6 22. Bc6 Rd8 23. Bxb7 Rxb7 24. Nf3 Nbd5 25. b4 Nc7 26. Qc2 Nb5 27. Qb3 Nxd4 28. Nxd4 Qxd4 29. Rcd1 Qb6 30. Rxd8+ Qxd8 31. b5 Qd5 32. Qxd5 Nxd5 33. a4 Ra7 34. Ra1 Ra5 35. Rd1 Nb6 36. Rd8+ Kh7 37. Rb8 Nxa4 38. b6 Rb5 39. Rf8 Kg6 0-1

[Event "Loire-ch Top20 1415"]
[Site "Loire"]
[Date "2014.12.06"]
[Round "3"]
[White "Carteron, Olivier"]
[Black "Doran, Niall"]
[Result "1-0"]
[WhiteElo "1670"]
[BlackElo "1711"]
[PlyCount "99"]
[EventDate "2014.10.04"]
[EventType "swiss"]
[EventRounds "7"]
[EventCountry "FRA"]
[SourceTitle "EXT 2016"]
[Source "ChessBase"]
[SourceDate "2015.10.08"]
[SourceVersion "1"]
[SourceVersionDate "2015.10.08"]
[SourceQuality "1"]

1. d4 d5 2. Nf3 e6 3. c4 Nf6 4. Nc3 Be7 5. Bg5 h6 6. Bh4 Ne4 7. Bxe7 Qxe7 8. e3 0-0 9. Bd3 Nxc3 10. bxc3 dxc4 11. Bxc4 b6 12. Qe2 Bb7 13. 0-0 Nd7 14. e4 Nf6 15. Bd3 Rfd8 16. e5 Nh7 17. Nd2 c5 18. Qe3 cxd4 19. cxd4 Qd7 20. Nb3 Rac8 21. Rfc1 Qd5 22. f3 Ng5 23. h4 Nh7 24. Be4 Qd7 25. Bxb7 Qxb7 26. Rxc8 Rxc8 27. Rc1 Nf8 28. Rxc8 Qxc8 29. Qc1 Qxc1+ 30. Nxc1 Ng6 31. g3 Ne7 32. g4 Nd5 33. Kf2 Kf8 34. Ke2 Ke7 35. Kd3 Kd7 36. a3 Kc6 37. Ne2 Kb5 38. Nc3+ Nxc3 39. Kxc3 Ka4 40. Kb2 b5 41. f4 b4 42. axb4 Kxb4 43. d5 exd5 44. f5 Kc5 45. g5 d4 46. f6 gxf6 47. gxh6 fxe5 48. h7 e4 49. h8Q d3 50. Qe5+ 1-0

[Event "Loire-ch Top20 1314"]
[Site "Loire"]
[Date "2013.11.09"]
[Round "3"]
[White "Carteron, Olivier"]
[Black "Frey, Thierry"]
[Result "0-1"]
[WhiteElo "1680"]
[BlackElo "1840"]
[PlyCount "96"]
[EventDate "2014.09.21"]
[EventType "swiss"]
[EventRounds "9"]
[EventCountry "FRA"]
[SourceTitle "EXT 2015"]
[Source "ChessBase"]
[SourceDate "2014.11.20"]
[SourceVersion "1"]
[SourceVersionDate "2014.11.20"]
[SourceQuality "1"]

1. d4 Nf6 2. Nf3 g6 3. c4 Bg7 4. Nc3 0-0 5. g3 d6 6. Bg2 Nbd7 7. 0-0 c6 8. e4 e5 9. h3 a6 10. d5 cxd5 11. cxd5 b5 12. a3 Nc5 13. Ne1 Nh5 14. Kh2 f5 15. exf5 Nf6 16. fxg6 hxg6 17. Bg5 Qb6 18. Be3 Qc7 19. Rc1 Qd7 20. b4 Na4 21. Nxa4 bxa4 22. Qc2 Bb7 23. Rd1 Kh7 24. Nf3 Bh6 25. Bxh6 Kxh6 26. Qd2+ Kg7 27. Ng5 Rh8 28. Ne6+ Kf7 29. h4 Bxd5 30. Bxd5 Nxd5 31. Qxd5 Qxe6 32. Qxd6 Rhc8 33. Qxe6+ Kxe6 34. Rc1 Rd8 35. Rc6+ Rd6 36. Rxd6+ Kxd6 37. Rd1+ Ke6 38. Rd3 Rc8 39. f3 Rc2+ 40. Kh3 Rb2 41. Re3 Rb3 42. Re2 Rxf3 43. Rg2 Kf5 44. h5 gxh5 45. Kh4 e4 46. Rc2 e3 47. Re2 Ke4 48. Kh3 Kd3 0-1

[Event "Loire-ch Top20 1314"]
[Site "Loire"]
[Date "2013.10.05"]
[Round "2"]
[White "Cursoux, Gerard"]
[Black "Carteron, Olivier"]
[Result "1-0"]
[WhiteElo "1870"]
[BlackElo "1680"]
[PlyCount "41"]
[EventDate "2014.09.21"]
[EventType "swiss"]
[EventRounds "9"]
[EventCountry "FRA"]
[SourceTitle "EXT 2015"]
[Source "ChessBase"]
[SourceDate "2014.11.20"]
[SourceVersion "1"]
[SourceVersionDate "2014.11.20"]
[SourceQuality "1"]

1. e4 e6 2. d3 d5 3. Nd2 c5 4. g3 Nc6 5. Bg2 d4 6. Ne2 e5 7. 0-0 Nf6 8. h3 h5 9. f4 h4 10. g4 Bxg4 11. hxg4 Nxg4 12. Nc4 h3 13. Bf3 h2+ 14. Kh1 Qh4 15. Bxg4 Qxg4 16. Nxe5 Nxe5 17. fxe5 g5 18. Qe1 Be7 19. Qf2 0-0-0 20. Qf5+ Qxf5 21. Rxf5 1-0

[Event "Loire-ch Top20 1213"]
[Site "Loire"]
[Date "2012.11.10"]
[Round "3"]
[White "Carteron, Olivier"]
[Black "Libiszewski, Christian"]
[Result "1-0"]
[WhiteElo "1780"]
[BlackElo "1750"]
[PlyCount "45"]
[EventDate "2012.10.06"]
[EventType "swiss"]
[EventRounds "8"]
[EventCountry "FRA"]
[SourceTitle "EXT 2014"]
[Source "ChessBase"]
[SourceDate "2013.11.20"]
[SourceVersion "1"]
[SourceVersionDate "2013.11.20"]
[SourceQuality "1"]

1. b4 Nf6 2. Bb2 e6 3. a3 d5 4. Nf3 Nbd7 5. e3 Be7 6. c4 c6 7. Be2 0-0 8. 0-0 Qc7 9. cxd5 cxd5 10. Nc3 a6 11. Rc1 Qd8 12. Nd4 b5 13. Nc6 Qe8 14. Bxb5 axb5 15. Nxb5 Nb6 16. Nc7 Qd8 17. Nxa8 Nxa8 18. Nxe7+ Qxe7 19. Bd4 Nd7 20. Qa4 Nab6 21. Qa7 Nc4 22. Bc5 Nxc5 23. Qxe7 1-0

[Event "Loire-ch Top20 1213"]
[Site "Loire"]
[Date "2012.10.20"]
[Round "2"]
[White "Doran, Niall"]
[Black "Carteron, Olivier"]
[Result "1-0"]
[WhiteElo "1692"]
[BlackElo "1780"]
[PlyCount "67"]
[EventDate "2012.10.06"]
[EventType "swiss"]
[EventRounds "8"]
[EventCountry "FRA"]
[SourceTitle "EXT 2014"]
[Source "ChessBase"]
[SourceDate "2013.11.20"]
[SourceVersion "1"]
[SourceVersionDate "2013.11.20"]
[SourceQuality "1"]

1. e4 e6 2. d4 d5 3. e5 c5 4. c3 Nc6 5. Nf3 Qb6 6. Bd3 cxd4 7. cxd4 Bd7 8. 0-0 Nxd4 9. Nxd4 Qxd4 10. Nc3 Qxe5 11. Re1 Qb8 12. Qf3 Nf6 13. Bg5 Be7 14. Bxf6 gxf6 15. Rac1 a6 16. Nxd5 exd5 17. Qxf6 Be6 18. Qxh8+ Kd7 19. Qd4 Bd6 20. g3 Qg8 21. Qf6 Bb4 22. Re2 Be7 23. Qf3 Qg5 24. Rec2 Bd6 25. h4 Qh6 26. Bf5 Ke7 27. Bxe6 fxe6 28. Re1 Kd7 29. Qf7+ Be7 30. Rec1 Qf8 31. Rc7+ Kd6 32. Qxh7 Rb8 33. Qc2 d4 34. Qc5# 1-0

[Event "Loire-ch Top20 1213"]
[Site "Loire"]
[Date "2012.10.06"]
[Round "1"]
[White "Carteron, Olivier"]
[Black "Deville, Olivier"]
[Result "0-1"]
[WhiteElo "1780"]
[BlackElo "1964"]
[PlyCount "60"]
[EventDate "2012.10.06"]
[EventType "swiss"]
[EventRounds "8"]
[EventCountry "FRA"]
[SourceTitle "EXT 2014"]
[Source "ChessBase"]
[SourceDate "2013.11.20"]
[SourceVersion "1"]
[SourceVersionDate "2013.11.20"]
[SourceQuality "1"]

1. d4 Nf6 2. Nf3 e6 3. Bg5 c5 4. c3 b6 5. e3 Bb7 6. Bd3 Be7 7. 0-0 Ne4 8. Bf4 0-0 9. Nfd2 f5 10. f3 Nf6 11. e4 Nc6 12. Be3 cxd4 13. Bxd4 Qe8 14. Bxf6 Rxf6 15. exf5 exf5 16. Re1 Bc5+ 17. Kh1 Qh5 18. Nf1 Bd6 19. Bc4+ Kh8 20. Bd5 Bxh2 21. Nxh2 Rh6 22. Kg1 Qxh2+ 23. Kf2 Rg6 24. Rg1 Qg3+ 25. Kf1 Ba6+ 26. c4 Re8 27. Nd2 Nb4 28. Bf7 Nd3 29. Ne4 fxe4 30. Qe2 Ne5 0-1

[Event "Loire-ch Top20 0910"]
[Site "Loire"]
[Date "2009.12.19"]
[Round "3"]
[White "Carrot, Axel"]
[Black "Carteron, Olivier"]
[Result "1/2-1/2"]
[WhiteElo "1485"]
[BlackElo "1800"]
[PlyCount "35"]
[EventDate "2009.12.??"]
[EventType "tourn"]
[EventRounds "7"]
[EventCountry "FRA"]
[SourceTitle "EXT 2011"]
[Source "ChessBase"]
[SourceDate "2010.11.26"]
[SourceVersion "1"]
[SourceVersionDate "2010.11.26"]
[SourceQuality "1"]

1. e4 e6 2. d4 d5 3. exd5 exd5 4. Bd3 Bd6 5. Nf3 Bg4 6. Nbd2 Nc6 7. c3 Qe7+ 8. Qe2 Qxe2+ 9. Bxe2 Nf6 10. 0-0 Ne4 11. Re1 f5 12. Ng5 Bxe2 13. Rxe2 0-0 14. Nb3 Nxg5 15. Bxg5 Rae8 16. Rae1 Rxe2 17. Rxe2 h6 18. Bd2 1/2-1/2

[Event "Loire-ch Top20 0910"]
[Site "Loire"]
[Date "2009.11.14"]
[Round "2"]
[White "Carteron, Olivier"]
[Black "Aumont Mathieu, Georges"]
[Result "0-1"]
[WhiteElo "1800"]
[BlackElo "1840"]
[PlyCount "26"]
[EventDate "2009.12.??"]
[EventType "tourn"]
[EventRounds "7"]
[EventCountry "FRA"]
[SourceTitle "EXT 2011"]
[Source "ChessBase"]
[SourceDate "2010.11.26"]
[SourceVersion "1"]
[SourceVersionDate "2010.11.26"]
[SourceQuality "1"]

1. e4 e5 2. Nf3 Nc6 3. Bc4 Nf6 4. Ng5 d5 5. exd5 Bc5 6. Nxf7 Kxf7 7. dxc6+ Kg6 8. 0-0 Ng4 9. Nc3 Qh4 10. h3 Nxf2 11. Rxf2 Bxf2+ 12. Kh1 Bxh3 13. Qf3 Bg4+ 0-1

[Event "FRA-chT3 Gr12 0304"]
[Site "Loire"]
[Date "2004.03.14"]
[Round "6.3"]
[White "Chapus, Norbert"]
[Black "Carteron, Olivier"]
[Result "0-1"]
[WhiteElo "1770"]
[BlackElo "1630"]
[PlyCount "80"]
[EventDate "2003.10.12"]
[EventType "team-tourn"]
[EventRounds "9"]
[EventCountry "FRA"]
[SourceTitle "EXT 2008"]
[Source "ChessBase"]
[SourceDate "2007.11.25"]
[SourceVersion "1"]
[SourceVersionDate "2007.11.25"]
[SourceQuality "1"]

1. e4 e6 2. Nf3 d5 3. e5 c5 4. d4 cxd4 5. Nxd4 Nc6 6. Nxc6 bxc6 7. Bd3 Qa5+ 8. Nd2 Ba6 9. Qe2 Bxd3 10. Qxd3 Ne7 11. 0-0 Ng6 12. Nb3 Qc7 13. f4 Qb6+ 14. Kh1 c5 15. Qg3 Qb5 16. Re1 Qc4 17. c3 Be7 18. Nd2 Qxf4 19. Nf3 Qxg3 20. hxg3 0-0 21. Bf4 Rab8 22. Rab1 a5 23. a3 Rb3 24. Nd2 Rb7 25. b3 Rfb8 26. Rb2 Nf8 27. Reb1 Nd7 28. Nf3 Nb6 29. Nd2 g5 30. Be3 Nd7 31. Nf3 g4 32. Nh2 Nxe5 33. Bf4 f6 34. Bxe5 fxe5 35. Nxg4 e4 36. Kg1 h5 37. Nf2 Bf6 38. Nd1 Be5 39. g4 hxg4 40. g3 d4 0-1

[Event "FRA-chT3 Gr12 0304"]
[Site "Loire"]
[Date "2004.02.01"]
[Round "5.4"]
[White "Carteron, Olivier"]
[Black "Bron, Philippe"]
[Result "1-0"]
[WhiteElo "1630"]
[BlackElo "1790"]
[PlyCount "81"]
[EventDate "2003.10.12"]
[EventType "team-tourn"]
[EventRounds "9"]
[EventCountry "FRA"]
[SourceTitle "EXT 2008"]
[Source "ChessBase"]
[SourceDate "2007.11.25"]
[SourceVersion "1"]
[SourceVersionDate "2007.11.25"]
[SourceQuality "1"]

1. e4 c5 2. Nf3 d6 3. d4 cxd4 4. Nxd4 Nf6 5. Nc3 g6 6. f3 Bg7 7. Be3 0-0 8. Qd2 Nc6 9. 0-0-0 Nxd4 10. Bxd4 Be6 11. g4 Qa5 12. b3 Rfc8 13. Kb2 a6 14. h4 h5 15. g5 Nd7 16. Bxg7 Kxg7 17. Nd5 Qxd2 18. Rxd2 Bxd5 19. exd5 b5 20. Bh3 Rc7 21. Re1 Nb6 22. f4 Raa7 23. f5 Rc5 24. Red1 Rac7 25. fxg6 fxg6 26. Be6 Rc3 27. Rf1 Nxd5 28. Bxd5 e5 29. Rf7+ Rxf7 30. Kxc3 Rf4 31. Bb7 b4+ 32. Kb2 Rxh4 33. Rxd6 Rg4 34. Rd7+ Kf8 35. Bxa6 h4 36. Rd6 Rxg5 37. Bf1 Rg3 38. Re6 h3 39. Bxh3 Rxh3 40. Rxg6 Ke7 41. Rg4 1-0